000 01056nam0a22002531 4500
001 rc\400959
005 20030616165726.3
035 _a(NLR Aleph) 005649719
090 _a6758206
_c6758206
100 _a20030616d1989 u |0rusy50 ca
101 0 _arus
102 _aRU
105 _aa |||||||||
200 1 _aРусловые и гидравлические расчеты при проектировании переходов через водотоки
_eУчеб. пособие
_fО.В. Андреев, А.С. Холин, К.Н. Макаров
_gПод ред. О.В. Андреева
_gМоск. автомоб.-дор. ин-т
210 _aМ.
_cМАДИ
_d1989 (1990)
215 _a50 с.
_cил.
_d21
700 1 _aАндреев
_bО. В.
_gОлег Владимирович
701 1 _aХолин
_bА. С.
_gАлександр Сергеевич
701 1 _aМакаров
_bК. Н.
_gКонстантин Николаевич
801 0 _aRU
_bNLR
_gpsbo
801 1 _aRU
_bELAR
_2rusmarc
852 _aNLR
_j90-4/11284
942 _cBOOK
980 _aNB